000 00609nam a22001937a 4500
003 DO-SdBNP
005 20250919112546.0
007 ta
008 221025b2017 dr a|||| |||| 00| 0 spa d
040 _aDO-SdBNP
_bspa
_cBNPHU
082 4 _222
110 1 _aRepública Dominicana.
_bCorte de Constitucionalidad
_971191
245 1 0 _a20 audiencias solemne de rendición de cuentas :
_bquinto aniversario Tribunal Constitucional
260 _aSanto Domingo :
_bTribunal Constitucional,
_c2017
300 _a9 p. :
_bretrs. ;
_c28 cm.
590 _aInventariado, 2022/BT
910 _aBtavárez
942 _2ddc
_cLBS1
999 _c52645
_d52645